Aktuálne problémy znaleckého dokazovania - komunikácia so sporovými stranami
Komunikácia znalca so zadávateľom znaleckého posudku. Komunikácia s protistranou. Komunikácia so súdom.
Gespeichert in:
| 1. Verfasser: | |
|---|---|
| Format: | Buchkapitel |
| Sprache: | Slowakisch |
| Schlagworte: | |
| Tags: |
Keine Tags, Fügen Sie das erste Tag hinzu!
|
MARC
| LEADER | 00000nla a2200000 4500 | ||
|---|---|---|---|
| 001 | 0246503 | ||
| 005 | 20240527081651.5 | ||
| 041 | 0 | |a slo | |
| 044 | |a SK | ||
| 245 | 1 | 0 | |a Aktuálne problémy znaleckého dokazovania - komunikácia so sporovými stranami |c Peter Kardoš |
| 520 | |a Komunikácia znalca so zadávateľom znaleckého posudku. Komunikácia s protistranou. Komunikácia so súdom. | ||
| 610 | 2 | 0 | |a znalectvo |
| 610 | 2 | 0 | |a znalci |
| 610 | 2 | 0 | |a posudky znalecké |
| 610 | 2 | 0 | |a komunikácia |
| 610 | 2 | 0 | |a súdy |
| 100 | 1 | |a Kardoš, Peter | |